Haustiere der Disney-Helden - Statistiken

Allgemein
  • Dieses Quiz wurde 137 mal gespielt
  • Das Durchschnittsergebnis liegt bei 11 aus 35
Antwortstatistiken
Hint Extra Hint Antwort % Korrekt
Aladdin Aladdin Affe
70%
Rapunzel Rapunzel – Neu verföhnt Chamäleon
68%
Kristoff Die Eiskönigin – Völlig unverfroren Rentier
67%
Pacha Ein Königreich für ein Lama Lamas
56%
Hercules Hercules Pegasus
53%
Pocahontas Pocahontas Kolibri / Waschbär
52%
Lilo Pelekai Lilo & Stitch Alien
50%
Vaiana Vaiana Hahn / Schwein
49%
Penny Forrester Bolt – Ein Hund für alle Fälle Hund
45%
Pearl Gesner Die Kühe sind los Ente / Hahn / Hühner / Rinder / Schweine / Ziege
43%
Prinz Erik Arielle, die Meerjungfrau Hund
42%
Roger Radcliffe 101 Dalmatiner Hunde
40%
Prinz Phillip Dornröschen Pferd
40%
Alice Alice im Wunderland Katze
36%
Witwe Tweed Cap und Capper Fuchs
34%
Elsa Die Eiskönigin II Nokk / Salamander
34%
Fa Mulan Mulan Grille / Hund / Pferd
33%
Raya Raya und der letzte Drache Pillendreher-Gürteltier-Mops-Hybrid
29%
Merlin Die Hexe und der Zauberer Eule
25%
Asha Wish Ziege
25%
Madame Adelaide Bonfamille Aristocats Katzen / Pferd
23%
Esmeralda Der Glöckner von Notre Dame Ziege
20%
Wendy Darling Peter Pan Hund
19%
Geppetto Pinocchio Goldfisch / Katze
17%
Penny Bernard und Bianca – Die Mäusepolizei Katze
17%
Jim Dear Susi & Strolch Hunde
16%
Fagin Oliver & Co. Hunde / Katze
15%
Hiro Hamada Baymax – Riesiges Robowabohu Katze
13%
Lewis Robinson Triff die Robinsons Dinosaurier / Hund
12%
Ichabod Crane Die Abenteuer von Ichabod und Taddäus Kröte Pferd
8%
Searcher Clade Strange World Hund
7%
Cinderella Cinderella Hund / Pferd
7%
Basil Basil, der große Mäusedetektiv Hund
6%
Belle Die Schöne und das Biest Hund / Pferd
6%
Taran Taran und der Zauberkessel Schwein
5%
Keine übereinstimmenden Quizze gefunden
Verteilung der Resultate
Anzahl Personen mit jedem Resultat
Perzentil nach korrekt beantworteten Fragen
Ihre Resultats-Entwicklung
Sie haben dieses Quiz noch nicht gespielt